How To Succeed in Life/ (Record no. 202432)

MARC details
000 -LEADER
fixed length control field 00513nam a22001817a 4500
005 - DATE AND TIME OF LATEST TRANSACTION
control field 20240430153254.0
010 ## - LCCN (DPL NO)
LC control number ENG-140054
020 ## - INTERNATIONAL STANDARD BOOK NUMBER
International Standard Book Number 9789381383056
Terms of availability 400.00
035 ## - SYSTEM CONTROL NUMBER
System control number EN-123586
037 ## - SOURCE OF ACQUISITION
Source of stock number/acquisition DBAD
082 ## - DEWEY DECIMAL CLASSIFICATION NUMBER
Classification number 158.1
100 ## - MAIN ENTRY--PERSONAL NAME
Personal name Joginder Singh
245 ## - TITLE STATEMENT
Title How To Succeed in Life/
Statement of responsibility, etc By Joginder Singh
260 ## - PUBLICATION, DISTRIBUTION, ETC. (IMPRINT)
Place of publication, distribution, etc Uttar Pradesh
Name of publisher, distributor, etc Ankur Publications
Date of publication, distribution, etc 2011
270 ## - ADDRESS
Address 231, Sec 15A, Noida
City Noida
Postal code 110032
300 ## - PHYSICAL DESCRIPTION
Extent 183p.
Dimensions 22cm(hb)
942 ## - ADDED ENTRY ELEMENTS (KOHA)
Source of classification or shelving scheme Dewey Decimal Classification
Item type English Books
Classification part 158.1
Call number suffix JOG
Holdings
Withdrawn status Lost status Not for loan Collection code Home library Current library Date acquired Source of acquisition Cost, normal purchase price Full call number Barcode Copy number Cost, replacement price Koha item type
      Non-fiction Ashok Vihar Ashok Vihar 30/04/2024 DBAD 400.00 158.1 JOG EN-123586 1 400.00 English Books

© Delhi Public Library
Hit Counter
free hit counter